000 00651nam a2200229Ia 4500
003 OSt
005 20220925220022.0
006 a|||||r|||| 00| 0
007 ta
008 220923b |||||||| |||| 00| 0 eng d
037 _cGeneral Book
040 _aRTL
_cRTL
_beng
041 _2eng
_aeng
082 _aX:3M24xM18, L7
100 _aMandel Ernest
245 0 _aFrom class society to communism
_b An introduction t
260 _aLondon
_bLinks Ltd
_c1977
300 _a186p
_ccm.
650 _aEconomic Classics Karl Marx
_9233100
942 _hX:3M24xM18, L7
_cGB
_2CC
999 _c570323
_d570323